|
|
|
|
| LEADER |
00000naa a2200000uu 4500 |
| 001 |
vtls010870263 |
| 003 |
SK-MaSNL |
| 005 |
20260302144753.0 |
| 008 |
220808|1986 xo |||||||||||||||||slo| |
| 035 |
|
|
|a (urnnbn)urn:nbn:sk:snk:ar-008k81
|
| 035 |
|
|
|a (uuid)88b38132-1d42-4961-9ac2-50fa79c31d22
|
| 035 |
|
|
|a urn:nbn:sk:snk-aaum2o
|
| 040 |
|
|
|a SNKBUCL
|b slo
|c SNKBUCL
|e AACR2
|
| 041 |
0 |
|
|a slo
|
| 044 |
|
|
|a xo
|c SK
|
| 245 |
0 |
0 |
|a Ajtós, Emil Imrich (pôv. Dérer)
|b lekár-imunológ (5. 9. 1876 Banská Štiavnica, okr. Žiar nad Hronom - po 1937)
|
| 600 |
1 |
7 |
|a Ajtós, Emil Imrich,
|d 1876-po 1937
|2 snkbucl
|9 163254
|
| 655 |
|
7 |
|a biografické heslá
|2 SNKPH
|9 368942
|
| 773 |
0 |
|
|t Slovenský biografický slovník : (od roku 833 do roku 1990). I. zväzok, A - D
|d Martin : Matica slovenská, 1986
|g S. 37
|
| 954 |
|
|
|a odborná, vedecká literatúra pôvodná (slovenská)
|2 lita
|
| 958 |
|
|
|a OND
|
| 958 |
|
|
|a BX
|
| 958 |
|
|
|a article6
|
| 958 |
|
|
|a chapter
|
| 999 |
|
|
|c 1350996
|d 1352926
|